Title in the Lyrics Quiz: The Foo Fighters - Statistics

General Stats
  • This quiz has been taken 27 times
  • The average score is 11 of 18
Answer Stats
Answer % Correct
Hello, I waited here for you {Everlong}, Tonight, I throw my self into and out of the red.
100%
There goes {My} {Hero}, watch him as he goes.
100%
Were you born to resist or be abused? Is someone getting the best, the best, the best, the {Best} {of} {You}?
96%
I'm looking for a complication, Looking cause I'm tired of lying, Make my way back home when I {Learn} {To} {Fly} high
91%
What if I say I'm not like the others? What if I say I'm not just another one of your plays? You're {The} {Pretender}
87%
Don't want to be your {Monkey} {Wrench}, One more indecent accident
83%
It's {Times} {Like} {These} you learn to live again, {Times} {Like} {These} you give and give again
83%
{All} {My} {Life} I've been searching for something, Something never comes, never leads to nothing
74%
I'm learnin' to {Walk} again, I believe I've waited long enough, Where do I begin?
70%
{Big} {Me} to talk about it, I could stand to prove, If we can get around it, I know that it's true
48%
We're all free to some degree, To dance under the lights, I'm just waiting to be {Rescued}
43%
There are days I can't remember, There are days that last forever, Someday I'll come out from {Under} {You}
39%
Give me some {Rope}, I'm comin', Outta my head, into the clear, When you go, I come loose
35%
{Long} {Road} {To} {Ruin} there in your eyes, Under the cold streetlights, No tomorrow, no dead end in sight
35%
{This} {Is} {A} {Call} to all my past resignations, It's been too long
35%
I'm {Something}, {From} {Nothing}, You are my fuse, It goes Oh oh oh
22%
But if this is the last time, Make up your mind, I've waited a lifetime to live, It's time to ignite, I'm {Making} {A} {Fire}
17%
It's your {Cold} {Day} {In} {The} {Sun}, Looks like your bleeding heart has already won
17%
No matching quizzes found
Score Distribution
Percent of People with Each Score
Percentile by Number Answered
Your Score History
You have not taken this quiz